Dubliners /

Guardado en:
Autor Principal: Joyce, James
Formato: Libro
Publicado: London : Jonathan Cape, 1967
Materias:
Etiquetas: Agregar Etiqueta
Sin Etiquetas, Sea el primero en etiquetar este registro!
LEADER 00477nam a22001695a 4500
001 EHU.bham008621
003 AR-BHAM
005 20100107141652.0
008 130507s1967##################000#0#####d
082 8 2 |a 823.9 
100 1 |a Joyce, James 
245 1 0 |a Dubliners /  |c James Joyce. 
260 |a London :  |b Jonathan Cape,  |c 1967 
300 |a 261 p. 
500 |a Scholes, Robert, Notes 
653 |a Novela inglesa-1901- 
859 |a AR-BHAM  |b BIB. HUMANIDADES - General  |h 823.9  |i J853-2  |p 99987.68  |t Ej.1